AK’s General Knowledge A-Z #68 - Statistics

General Stats
  • This quiz has been taken 374 times
  • The average score is 17 of 26
Answer Stats
Hint Answer % Correct
B – between a Knight and a Queen, behind a Pawn Bishop
91%
R – is “rojo” in Spanish, rum in The Shining, or Sox in Boston Red
90%
G – precedes night, follows feel Good
86%
N – a mesh stretched to divide a court, or to receive as profit Net
84%
W – American actress Betty (1922–2021), or what some lies are White
84%
J – not Wozniak, but the other Steve whose Macintosh was the first mass-produced computer with a graphical user interface Jobs
82%
O – tree in the genus Quercus, whose fruit is a nut called an acorn or ___ nut Oak
79%
A – a rod that passes through the centre of a wheel or group of wheels Axle
78%
E – Avengers: _______; was the highest-grossing film of all time from July 2019 until March 2021 Endgame
77%
Y – national park in California with granite cliffs, waterfalls, glaciers, etc. Yosemite
74%
K – Mexican painter Frida who was disabled by polio as a child and chronically injured in a bus accident at 18 Kahlo
73%
P – island nation where the largest islands are Luzon and Mindanao The Philippines
69%
H – brother of Dewey and Louie Huey
67%
I – good things that are used to pave the road to hell Intentions
66%
M – sassy friend of Joan in Girlfriends, or a Mesoamerican civilization Maya
66%
V – team sport developed by William Morgan with hundreds of millions of active players Volleyball
66%
S – a huge thing that has a pale yellow hue due to ammonia crystals and a ring system with ice particles and rocky debris Saturn
64%
C – country hosting the geographical midpoint of Africa Central African Republic
59%
T – capital city whose name means “three cities” Tripoli
57%
D – French composer Claude ("Clair de lune") Debussy
54%
U – a region of central Italy; the only landlocked region on the Apennine Peninsula Umbria
46%
Q – Latin for “oak tree” (and you know this) Quercus
38%
L – Richard Bach’s illustrated novella Jonathan __________ Seagull Livingston
37%
F – Gustave who wrote Madame Bovary, a novel that became a bestseller because of a trial where the author was accused of insulting public morals Flaubert
33%
X – American rapper and TV presenter whose stage name is pronounced "exhibit" Xzibit
23%
Z – shingles, also known as herpes ______ Zoster
20%
No matching quizzes found
Score Distribution
Percent of People with Each Score
Percentile by Number Answered
Your Score History
You have not taken this quiz